| 000 | 00726nam a2200241 u 4500 | ||
|---|---|---|---|
| 005 | 20240831063751.0 | ||
| 008 | 121023s2007 es r 000 0 spa d | ||
| 020 | _a9788421696583 | ||
| 035 | _aUPN01000187892 | ||
| 049 | _aI | ||
| 050 | 4 |
_aPZ75 _bA5.2 2007 |
|
| 100 | 1 |
_aAmo Gili, Montserrat del, _d1927- _930835 |
|
| 245 | 1 | 0 |
_aAlvaro a su aire / _cMontserrrat del Amo ; il. Ma. Luisa Torcida. |
| 250 | _a3a ed. | ||
| 260 |
_aMadrid : _bBruño, _c2007. |
||
| 300 |
_a81 p. : _bil. col. |
||
| 440 | 0 |
_aAlta mar. _pCuentos ; _v155 |
|
| 650 | 4 |
_aNIÑOS CON DISCAPACIDAD - _vLITERATURA INFANTIL _921632 |
|
| 650 | 4 |
_aCuentos infantiles españoles _97725 |
|
| 905 | _aInfantil | ||
| 999 |
_c159995 _d159995 |
||